000 00708nam a2200241 i 4500
001 93605
003 ES-MaACL
005 20250807232516.0
007 t|
008 050414s1982 sp ||||1| spa d
020 _a8486072018
100 1 _aLópez, Elsa,
_d1943-
_973324
245 1 0 _aInevitable océano /
_cElsa López.
250 _a[1ª ed.].
260 _aMadrid :
_bTorremozas,
_c1982.
300 _a76 p. ;
_c17 cm.
490 1 _aColección Torremozas de poesía de mujeres ;
_v2
830 0 0 _aColección Torremozas de poesía de mujeres
_v2
_9177494
852 _aES-MaACL
_jL-5408
_bR.105844
852 _aES-MaACL
_jL-11969
_bR.114290
942 _2udc
999 _c93605
_d93605